|
|
|
|
| LEADER |
00000nam0a2200000 4500 |
| 001 |
249001 |
| 005 |
20231101232434.0 |
| 035 |
|
|
|a (RuTPU)RU\TPU\book\270957
|
| 035 |
|
|
|a RU\TPU\book\249872
|
| 090 |
|
|
|a 249001
|
| 100 |
|
|
|a 20140130d1971 k y0rusy50 ca
|
| 101 |
0 |
|
|a rus
|
| 102 |
|
|
|a RU
|
| 105 |
|
|
|a a z 100zy
|
| 200 |
1 |
|
|a Материалы третьей областной научной конференции Всесоюзного химического общества им. Д. И. Менделеева, посвященной 75-летию химико-технологического факультета Томского политехнического института. Секция неорганической химии и технологии неорганических веществ
|f Томский политехнический институт (ТПИ) ; Томский государственный университет (ТГУ) ; Томский инженерно-строительный институт (ТИСИ)
|
| 210 |
|
|
|a Томск
|c Изд-во Томского ун-та
|d 1971
|
| 215 |
|
|
|a 98 с.
|c ил.
|
| 606 |
1 |
|
|a Химия
|2 stltpush
|3 (RuTPU)RU\TPU\subj\17362
|9 43035
|
| 610 |
1 |
|
|a неорганическая химия
|
| 610 |
1 |
|
|a неорганические вещества
|
| 610 |
1 |
|
|a технология
|
| 610 |
1 |
|
|a нефть
|
| 610 |
1 |
|
|a конференции
|
| 610 |
1 |
|
|a труды учёных ТПУ
|
| 675 |
|
|
|a 54(063)
|v 3
|
| 675 |
|
|
|a 661.7(063)
|v 3
|
| 712 |
0 |
2 |
|a Томский политехнический институт (ТПИ)
|c (1944-1991)
|2 stltpush
|3 (RuTPU)RU\TPU\col\1123
|
| 712 |
0 |
2 |
|a Томский государственный университет (ТГУ)
|2 stltpush
|3 (RuTPU)RU\TPU\col\397
|
| 712 |
0 |
2 |
|a Томский инженерно-строительный институт (ТИСИ)
|c (1953-1993)
|2 stltpush
|3 (RuTPU)RU\TPU\col\7823
|
| 712 |
1 |
2 |
|a Областная научной конференция Всесоюзного химического общества им. Д. И. Менделеева, посвященной 75-летию химико-технологического факультета Томского политехнического института. Секция органической химии, технологии органических веществ и химии нефти
|d 3
|e Томск
|f 1971
|
| 801 |
|
1 |
|a RU
|b 63413507
|c 20130110
|
| 801 |
|
2 |
|a RU
|b 63413507
|c 20140131
|g RCR
|
| 942 |
|
|
|c BK
|